[Event "29th Czech Rapid G1 2018"]
[Site "Pardubice CZE"]
[Date "2018.07.18"]
[Round "1.48"]
[White "Roskova, Katerina"]
[Black "Frolov, Artur"]
[Result "0-1"]
[BlackTitle "IM"]
[WhiteElo "1950"]
[BlackElo "2393"]
[WhiteFideId "330558"]
[BlackFideId "14100134"]
[EventDate "2018.07.18"]

1. d4 Nf6 2. c4 c5 3. d5 e5 4. Nc3 d6 5. g3 g6 6. Bg2 h5 7. Nf3 Bh6 8. Bxh6 Rxh6
9. Qd2 Rh8 10. h4 a6 11. O-O Nbd7 12. a4 b6 13. Ng5 Qe7 14. f4 Ng4 15. f5 gxf5
16. Rxf5 Ndf6 17. Rff1 Bd7 18. Qd3 a5 19. Nce4 Rh6 20. Bf3 Nxe4 21. Bxe4 Nf6 22.
Bf5 O-O-O 23. Ra3 Rg8 24. Bxd7+ Kxd7 25. Rb3 Kc7 26. Qf5 Rg7 27. Rbf3 Rhg6 28.
Kh1 Nd7 29. Qc2 Rxg5 30. hxg5 Qxg5 31. Qf5 Qh6 32. Qh3 f6 33. Rf5 Qe3 34. R5f3
Qxe2 35. b3 Qe4 36. Kh2 Rh7 37. Qf5 Qxf5 38. Rxf5 Kd8 39. Kh3 Ke7 40. Kh4 Rg7
41. Rxh5 Nf8 42. Rhf5 Nh7 43. g4 Rg6 44. Kg3 Ng5 45. Re1 Rh6 46. Re2 Rh3+ 47.
Kg2 Rxb3 48. Ref2 Ne4 49. Rf1 Rg3+ 50. Kh2 Rxg4 51. Rb1 Rg5 52. Rf3 Nd2 53. Rfb3
Nxb3 54. Rxb3 Rg4 55. Rxb6 Rxc4 56. Rb7+ Kf8 57. Rd7 Rxa4 58. Rxd6 Ke7 59. Rc6
Rc4 60. Kg3 a4 61. Kf3 a3 62. Ke3 Ra4 63. Rxc5 a2 64. Rc1 a1=Q 0-1

[Event "29th Czech Rapid G1 2018"]
[Site "Pardubice CZE"]
[Date "2018.07.18"]
[Round "1.50"]
[White "Mlcak, Viktor"]
[Black "Sarkar, Justin"]
[Result "0-1"]
[BlackTitle "IM"]
[WhiteElo "1939"]
[BlackElo "2307"]
[WhiteFideId "320064"]
[BlackFideId "2010011"]
[EventDate "2018.07.18"]

1. e4 e5 2. Nc3 Nf6 3. f4 d5 4. fxe5 Nxe4 5. d3 Nxc3 6. bxc3 Nc6 7. Nf3 Bg4 8.
Be2 Be7 9. O-O Bxf3 10. Bxf3 Nxe5 11. c4 dxc4 12. Bxb7 Rb8 13. Be4 Qd4+ 0-1

[Event "29th Czech Rapid G1 2018"]
[Site "Pardubice CZE"]
[Date "2018.07.18"]
[Round "1.51"]
[White "Westerinen, Heikki M.J."]
[Black "Ludvik, Tomas"]
[Result "1-0"]
[WhiteTitle "GM"]
[WhiteElo "2310"]
[BlackElo "2048"]
[WhiteFideId "500020"]
[BlackFideId "367664"]
[EventDate "2018.07.18"]

1. e4 e6 2. d4 d5 3. Nd2 c5 4. exd5 Qxd5 5. Ngf3 cxd4 6. Bc4 Qd6 7. O-O Nf6 8.
Nb3 Nc6 9. Nbxd4 Nxd4 10. Qxd4 Qxd4 11. Nxd4 Bd7 12. Bf4 Rc8 13. Bb3 Bc5 14.
Rad1 O-O 15. Rfe1 Rfe8 16. c3 Bb6 17. h3 h6 18. Be5 Red8 19. Bd6 Bxd4 20. Rxd4
Bc6 21. Be5 Rxd4 22. Bxd4 a6 23. Rxe6 Nd5 24. Re5 Rd8 25. f3 f6 26. Re2 Kf7 27.
Kh2 Re8 28. Rxe8 Kxe8 29. Kg3 Kd7 30. c4 Ne7 31. Bc5 Nf5+ 32. Kf2 Ke6 33. Bc2 h5
34. b4 b5 35. Bd3 Nh6 36. g4 hxg4 37. hxg4 Nf7 38. Bf5+ Ke5 39. Ke3 g5 40. Bd4+
Kd6 41. cxb5 axb5 42. Bxf6 Bd5 43. a3 Bc4 44. Bd3 Kd5 45. Bg6 Ne5 46. Be4+ Ke6
47. Bxg5 Bf1 48. Kd4 Nc4 49. a4 1-0

[Event "29th Czech Rapid G1 2018"]
[Site "Pardubice CZE"]
[Date "2018.07.18"]
[Round "1.53"]
[White "Maltsevskaya, Aleksandra"]
[Black "Trost, Martin"]
[Result "1-0"]
[WhiteElo "2261"]
[BlackElo "1838"]
[WhiteFideId "24174041"]
[BlackFideId "1710737"]
[EventDate "2018.07.18"]

1. c4 e6 2. Nf3 Nf6 3. g3 d5 4. Bg2 Be7 5. O-O O-O 6. d4 c6 7. Qc2 Nbd7 8. Nbd2
Re8 9. Rd1 b6 10. e4 dxe4 11. Nxe4 Nxe4 12. Qxe4 Bb7 13. Bf4 Nf6 14. Qc2 Bf8 15.
b3 Qe7 16. Re1 Rac8 17. Rad1 h6 18. h4 Red8 19. Ne5 Nd7 20. Ng4 Nf6 21. Ne3 Nh5
22. Be5 f6 23. Qe2 fxe5 24. Qxh5 exd4 25. Ng4 c5 26. Qg6 Bxg2 27. Nxh6+ Kh8 28.
Nf7+ Kg8 29. Ng5 Qxg5 30. hxg5 Bh3 31. Qh5 Bf5 1-0

[Event "29th Czech Rapid G1 2018"]
[Site "Pardubice CZE"]
[Date "2018.07.18"]
[Round "1.54"]
[White "Priyanka, Nutakki"]
[Black "Rosko, Lubos"]
[Result "1/2-1/2"]
[BlackTitle "FM"]
[WhiteElo "2180"]
[BlackElo "2279"]
[WhiteFideId "25049615"]
[BlackFideId "321192"]
[EventDate "2018.07.18"]

1. e4 c5 2. Nf3 d6 3. d4 cxd4 4. Qxd4 a6 5. c4 Nc6 6. Qd3 g6 7. Nc3 Bg7 8. Be3
Nf6 9. h3 O-O 10. Be2 Nd7 11. O-O Nc5 12. Bxc5 dxc5 13. Qxd8 Rxd8 14. Na4 Nd4
15. Bd1 Nxf3+ 16. Bxf3 Bd4 17. Rad1 Be6 18. Nb6 Rab8 19. b3 Rd6 20. Nd5 Kf8 21.
Rfe1 Bxd5 22. exd5 b5 23. cxb5 axb5 24. b4 Ra6 25. Re2 Ra4 26. bxc5 Bxc5 27. Rc2
Bd6 28. g3 h5 29. h4 Ra3 30. Kg2 Rba8 31. Rdd2 R8a4 32. Be2 b4 33. Bc4 Rc3 34.
Bb3 Ra5 35. Rxc3 bxc3 36. Rc2 Be5 37. Kf3 Rb5 38. Ke4 Bf6 39. Kd3 Rb4 40. Ke3
Ke8 41. Kd3 Kd7 42. Re2 Kd6 43. Re4 Rb8 44. Rc4 Kd7 45. Ba4+ Kd6 46. Bb3 Ra8 47.
Ra4 Rb8 48. Ra6+ Kd7 49. Ra7+ Kd6 50. Ra6+ Kd7 51. Ra7+ Kd6 52. Ra6+ Kd7 53.
Ra7+ Kd6 1/2-1/2

[Event "29th Czech Rapid G1 2018"]
[Site "Pardubice CZE"]
[Date "2018.07.18"]
[Round "1.55"]
[White "Kulkarni, Chinmay"]
[Black "Trost, Edvin"]
[Result "1-0"]
[WhiteElo "2336"]
[BlackElo "1925"]
[WhiteFideId "5023513"]
[BlackFideId "1729519"]
[EventDate "2018.07.18"]

1. e4 c5 2. Nf3 e6 3. d4 cxd4 4. Nxd4 a6 5. c4 Qc7 6. Nc3 Nf6 7. Be3 d6 8. Bd3
Be7 9. O-O O-O 10. Rc1 Nbd7 11. f4 Re8 12. Kh1 b6 13. f5 Ne5 14. Be2 Bf8 15. Bg5
Nfd7 16. b3 Bb7 17. fxe6 fxe6 18. Bg4 Nxg4 19. Qxg4 Ne5 20. Qh3 Qd7 21. Na4 Bxe4
22. Nxb6 Qb7 23. Nxa8 Qxa8 24. Rce1 Nd3 25. Re3 h6 26. Bxh6 gxh6 27. Rxd3 Bxd3
28. Qxd3 Re7 29. Qg6+ Rg7 30. Qxe6+ Kh8 31. Qd5 Qxd5 32. cxd5 Be7 33. Ne6 Rg4
34. Rf4 Rxf4 35. Nxf4 Kg7 36. g4 Kf6 37. Kg2 Bd8 38. Nd3 h5 39. gxh5 Kg5 40. Kf3
Kxh5 41. Ke4 Kg4 42. Nb4 a5 43. Nc6 Bb6 44. Kd3 Bg1 45. Nxa5 Bxh2 46. Ke4 Kg5
47. Nc6 Kf6 48. a4 1-0

[Event "29th Czech Rapid G1 2018"]
[Site "Pardubice CZE"]
[Date "2018.07.18"]
[Round "1.56"]
[White "Pavlicek, Lukas"]
[Black "Becker, Dirk"]
[Result "0-1"]
[WhiteElo "1819"]
[BlackElo "2265"]
[WhiteFideId "373001"]
[BlackFideId "12938564"]
[EventDate "2018.07.18"]

1. c4 Nf6 2. Nc3 e6 3. d4 d5 4. cxd5 exd5 5. Nf3 c6 6. Bf4 Bf5 7. e3 Nbd7 8. Bd3
Bg6 9. O-O Be7 10. a3 O-O 11. Bxg6 hxg6 12. b4 a6 13. Qc2 Nb6 14. Na4 Nc4 15.
Nd2 b5 16. Nc5 Bxc5 17. dxc5 a5 18. Nb3 a4 19. Nd4 Qc8 20. Rfe1 Re8 21. Bg5 Nh7
22. Bh4 f5 23. g4 Nf8 24. gxf5 Re4 25. Bg3 gxf5 26. Qd3 g6 27. f3 Re8 28. e4
dxe4 29. fxe4 f4 30. Bxf4 Ra7 31. e5 Rf7 32. Bg3 Ne6 33. Qxg6+ Rg7 34. Qe4 Nd2 0-1

[Event "29th Czech Rapid G1 2018"]
[Site "Pardubice CZE"]
[Date "2018.07.18"]
[Round "1.57"]
[White "Meleshko, Vladimir"]
[Black "Zdrazil, Jan"]
[Result "1-0"]
[WhiteTitle "FM"]
[WhiteElo "2268"]
[BlackElo "1953"]
[WhiteFideId "14111055"]
[BlackFideId "334537"]
[EventDate "2018.07.18"]

1. e4 c5 2. Nf3 d6 3. Bb5+ Nd7 4. d4 Nf6 5. e5 cxd4 6. O-O dxe5 7. Nxe5 Qb6 8.
Na3 e6 9. Bxd7+ Bxd7 10. Nac4 Qc5 11. b3 b5 12. Ba3 Qd5 13. Bxf8 Kxf8 14. Nxd7+
Nxd7 15. Nb2 f6 16. a4 b4 17. Nd3 a5 18. Nf4 Qd6 19. Qxd4 Qxd4 20. Nxe6+ Kf7 21.
Nxd4 Rac8 22. Rad1 Rhd8 23. Nf5 Rc7 24. Rfe1 Kg6 25. g4 h5 26. h3 hxg4 27. hxg4
Kg5 28. Nxg7 Kxg4 1-0

[Event "29th Czech Rapid G1 2018"]
[Site "Pardubice CZE"]
[Date "2018.07.18"]
[Round "1.58"]
[White "Natarov, Ilya"]
[Black "Chekletsov, Ilya"]
[Result "0-1"]
[BlackTitle "IM"]
[WhiteElo "2028"]
[BlackElo "2395"]
[WhiteFideId "24198439"]
[BlackFideId "24177156"]
[EventDate "2018.07.18"]

1. d4 Nf6 2. c4 e6 3. g3 d5 4. Nf3 dxc4 5. Bg2 Bd7 6. Ne5 Bc6 7. Nxc6 Nxc6 8.
Bxc6+ bxc6 9. O-O Be7 10. Qa4 Qd7 11. Qxc4 O-O 12. Bg5 Rab8 13. Nd2 Rb4 14. Qa6
Rxd4 15. Nb3 Rd5 16. Bxf6 Bxf6 17. Rab1 h5 18. Qxa7 h4 19. e4 Rd6 20. Qe3 e5 21.
Nc5 Qg4 22. f3 Qg6 23. Qf2 Rfd8 24. Nb3 hxg3 25. hxg3 Bg5 26. Rbe1 Bf4 27. Kg2
Qg5 28. Rg1 Rd2 29. Nxd2 Rxd2 30. Re2 Bxg3 31. Qxg3 Rxe2+ 32. Kf1 Qxg3 33. Rxg3
Rxb2 34. a3 Ra2 35. f4 exf4 36. Rc3 f6 37. Rxc6 Rxa3 38. Rxc7 Re3 39. Rc4 Kf7
40. Kf2 g5 41. Ra4 Kg6 42. Rb4 g4 43. Ra4 g3+ 44. Kg2 Kg5 45. Ra5+ Kg4 0-1

[Event "29th Czech Rapid G1 2018"]
[Site "Pardubice CZE"]
[Date "2018.07.18"]
[Round "1.59"]
[White "Kathmale, Sameer"]
[Black "Effenberger, Adam"]
[Result "1-0"]
[WhiteTitle "IM"]
[WhiteElo "2323"]
[BlackElo "1817"]
[WhiteFideId "5024498"]
[BlackFideId "376370"]
[EventDate "2018.07.18"]

1. e4 c5 2. c3 g6 3. d4 cxd4 4. cxd4 d5 5. e5 Nc6 6. Nc3 Bg7 7. h3 Nh6 8. g4 O-O
9. f4 f6 10. Bg2 e6 11. Nf3 fxe5 12. fxe5 b6 13. O-O Ba6 14. Rf2 Rc8 15. a3 Qe7
16. Bg5 Qd7 17. b4 Na5 18. Rc1 Nc4 19. a4 Nf7 20. Bf6 Ne3 21. Qe1 Nxg2 22. Kxg2
Rc4 23. b5 Bb7 24. h4 Nh6 25. Bxg7 Kxg7 26. Kg3 a6 27. Qe3 axb5 28. Nxb5 Rxc1
29. Qxc1 Rc8 30. Qg5 Ba6 31. Qf6+ Kg8 32. Ng5 Bxb5 33. axb5 Rc3+ 34. Kg2 Nxg4
35. Qf8# 1-0

[Event "29th Czech Rapid G1 2018"]
[Site "Pardubice CZE"]
[Date "2018.07.18"]
[Round "1.60"]
[White "Kusa, Jakub"]
[Black "Freisler, Pavel"]
[Result "1/2-1/2"]
[BlackTitle "IM"]
[WhiteElo "2061"]
[BlackElo "2246"]
[WhiteFideId "395595"]
[BlackFideId "301477"]
[EventDate "2018.07.18"]

1. e4 Nf6 2. e5 Nd5 3. d4 d6 4. Nf3 g6 5. c4 Nb6 6. Nc3 Bg7 7. exd6 cxd6 8. h3
O-O 9. Be2 Nc6 10. Be3 d5 11. c5 Nc4 12. Bxc4 dxc4 13. b3 Qa5 14. Qd2 cxb3 15.
O-O bxa2 16. Rxa2 Qd8 17. Rd1 Nb4 18. Rb2 Nd5 19. Nxd5 Qxd5 20. Bh6 Bd7 21. Bxg7
Kxg7 22. Ne5 Bc6 23. Nxc6 Qxc6 24. Qb4 Rab8 25. d5 Qf6 26. Qd4 Rfd8 27. Qxf6+
Kxf6 28. Ra2 Rbc8 29. Rxa7 Rxc5 30. Rxb7 Rcxd5 31. Rxd5 Rxd5 32. Rb6+ e6 33. Rb7
g5 34. Kf1 h5 35. Ra7 h4 36. Rb7 Rd2 37. Kg1 Kg6 38. Ra7 f6 39. Ra3 e5 40. Ra6
Rd1+ 41. Kh2 Rf1 42. f3 Rd1 43. Rb6 Kf7 44. Ra6 Ke7 45. Ra7+ Ke6 46. Ra6+ Rd6
47. Ra4 Kd5 48. Kg1 Rc6 49. Ra5+ Kd4 50. Kf2 Rc2+ 51. Kf1 Ke3 52. Ra3+ Kf4 53.
Kg1 f5 54. Kh2 e4 55. fxe4 fxe4 56. Kg1 Rd2 57. Rb3 Rd3 58. Rb5 Rd1+ 59. Kf2 e3+
60. Ke2 Rd2+ 61. Kf1 e2+ 62. Ke1 Rc2 63. Rb4+ Ke3 64. Rb3+ Kd4 65. Ra3 Rb2 66.
Ra4+ Kd3 67. Ra3+ Ke4 68. Ra4+ Ke3 69. Ra3+ Kf4 70. Ra4+ Kf5 71. Ra3 Rc2 72. Re3
Kf4 73. Rxe2 Rxe2+ 74. Kxe2 Kg3 75. Kf1 g4 76. hxg4 Kxg4 77. Kf2 h3 78. gxh3+
Kxh3 1/2-1/2

[Event "29th Czech Rapid G1 2018"]
[Site "Pardubice CZE"]
[Date "2018.07.18"]
[Round "1.61"]
[White "Lushnikov, Evgeny"]
[Black "Tomek, Karel"]
[Result "1-0"]
[WhiteElo "2136"]
[BlackElo "1785"]
[WhiteFideId "24146269"]
[BlackFideId "347035"]
[EventDate "2018.07.18"]

1. e4 c5 2. Nf3 Nc6 3. Bb5 d6 4. O-O Bd7 5. Re1 e5 6. c3 Nf6 7. d4 Be7 8. dxc5
dxc5 9. Na3 Qc7 10. Nc4 O-O-O 11. Qc2 Be6 12. Bg5 h6 13. Bh4 g5 14. Bg3 Nd7 15.
Bxc6 Qxc6 16. Ncxe5 Nxe5 17. Nxe5 Qa6 18. a4 h5 19. h3 h4 20. Bh2 Bd6 21. Rad1
Qb6 22. b4 c4 23. a5 Qc7 24. Nf3 g4 25. hxg4 Bxg4 26. Bxd6 Rxd6 27. Rxd6 Qxd6
28. e5 Qc7 29. Qe4 Be6 30. Nxh4 Qe7 31. Nf5 Bxf5 32. Qxf5+ Kb8 33. e6 Qh4 34.
Qe5+ Ka8 35. Qxh8+ 1-0

[Event "29th Czech Rapid G1 2018"]
[Site "Pardubice CZE"]
[Date "2018.07.18"]
[Round "1.64"]
[White "Harshini, A"]
[Black "Balint, Vilmos"]
[Result "1-0"]
[WhiteTitle "WFM"]
[WhiteElo "2037"]
[BlackElo "2220"]
[WhiteFideId "25008986"]
[BlackFideId "718050"]
[EventDate "2018.07.18"]

1. e4 e6 2. d4 d5 3. Nc3 Bb4 4. e5 Ne7 5. Be3 c5 6. a3 Bxc3+ 7. bxc3 Nbc6 8. Bb5
Qa5 9. Bxc6+ bxc6 10. Qd2 Ba6 11. f3 Rb8 12. Ne2 Nf5 13. Kf2 O-O 14. dxc5 Bxe2
15. Kxe2 Rb2 16. Rhc1 Rfb8 17. Bd4 h6 18. g4 Ne7 19. c4 Qxd2+ 20. Kxd2 R2b7 21.
Kc3 Ng6 22. Re1 Kf8 23. cxd5 cxd5 24. Kd2 Ne7 25. f4 Nc6 26. Bg1 Rb5 27. Kc3 Ke7
28. Rf1 g6 29. Rf3 Rc8 30. Rh3 d4+ 31. Bxd4 Nxd4 32. Kxd4 Rbxc5 33. Rxh6 Rc4+
34. Ke3 Rc3+ 35. Kf2 Rxc2+ 36. Kg3 R8c3+ 37. Kh4 Rxh2+ 38. Kg5 Rb2 39. Rh8 Rbb3
40. a4 Rb4 41. Ra8 Rcc4 42. Rxa7+ Kf8 43. Rf1 Kg7 44. a5 Ra4 45. a6 Ra5 46. Rb1
Raa4 47. Rf1 Rcb4 48. Ra8 Ra5 49. Ra7 Rc4 50. Rb1 Raa4 51. Rf1 Ra2 52. Rf3 Raa4
53. Rf1 Rc2 54. Rf3 Rg2 55. Ra8 Ra1 56. a7 Rh1 57. Rg8+ Kxg8 58. a8=Q+ Kg7 59.
Rh3 Rxh3 60. Qxg2 Ra3 61. Qh2 Ra1 62. Qh6+ Kg8 63. Kf6 1-0

[Event "29th Czech Rapid G1 2018"]
[Site "Pardubice CZE"]
[Date "2018.07.18"]
[Round "1.65"]
[White "Annenkov, Kirill"]
[Black "Salykin, Aleksandr"]
[Result "1-0"]
[WhiteTitle "FM"]
[WhiteElo "2214"]
[BlackElo "1862"]
[WhiteFideId "4129733"]
[BlackFideId "44107730"]
[EventDate "2018.07.18"]

1. d4 d5 2. c4 c6 3. cxd5 cxd5 4. Bf4 Nc6 5. e3 Nf6 6. Nc3 a6 7. Bd3 e6 8. Rc1
Bd6 9. Bxd6 Qxd6 10. f4 Bd7 11. Nf3 b5 12. O-O Ng4 13. Qe1 f5 14. Ne5 Ngxe5 15.
fxe5 Qe7 16. Qg3 g6 17. Ne2 O-O 18. Nf4 Qg7 19. Rc5 Nb4 20. Bb1 Rac8 21. Rfc1
Rxc5 22. Rxc5 Rc8 23. Rxc8+ Bxc8 24. Qe1 Nc6 25. Qc3 Qc7 26. a3 Qb6 27. Ba2 b4
28. axb4 Kg7 29. h3 Bb7 30. Nxe6+ 1-0

[Event "29th Czech Rapid G1 2018"]
[Site "Pardubice CZE"]
[Date "2018.07.18"]
[Round "1.66"]
[White "Straka, Vojtech"]
[Black "Zhuravlev, Stepan"]
[Result "0-1"]
[WhiteElo "1977"]
[BlackElo "2121"]
[WhiteFideId "377759"]
[BlackFideId "34120197"]
[EventDate "2018.07.18"]

1. d4 d5 2. c4 e6 3. Nc3 Nf6 4. Nf3 Nbd7 5. g3 c6 6. Bg2 Be7 7. O-O O-O 8. Qc2
b6 9. b3 Bb7 10. Bb2 Rc8 11. Rfd1 Ba8 12. Rac1 Qc7 13. e4 Qb8 14. e5 Ne8 15. Qe2
Nc7 16. cxd5 cxd5 17. Nb5 Na6 18. a3 Bb7 19. Bf1 Nc7 20. Nxc7 Rxc7 21. Rxc7 Qxc7
22. Rc1 Qb8 23. Qb5 Rd8 24. Ne1 a6 25. Qe2 Rc8 26. Rxc8+ Qxc8 27. Qc2 Qxc2 28.
Nxc2 Kf8 29. f4 g5 30. Ne3 gxf4 31. gxf4 f5 32. Be2 Kg7 33. Bh5 Nf8 34. Kf2 Ng6
35. Ng2 Bc6 36. Be2 a5 37. a4 Bb4 38. Ke3 Be8 39. Kd3 Ne7 40. Kc2 Kh6 41. Bc3
Bxc3 42. Kxc3 Bh5 43. Bb5 Ng6 44. Bd7 Bf3 45. Ne1 Be4 46. Bxe6 Nxf4 47. Bf7 Ne2+
48. Kd2 Nxd4 49. Kc3 Ne2+ 50. Kd2 Nd4 51. Kc3 Nc6 52. e6 Kg7 53. Be8 Ne7 54. Nd3
Bxd3 55. Kxd3 Kf6 56. Bd7 Ke5 57. Kc3 f4 58. b4 h5 59. bxa5 bxa5 60. Kd3 h4 61.
Ke2 Ke4 62. Bb5 f3+ 63. Kd2 d4 64. Ba6 Ke5 65. Bc4 Ng6 66. Bd3 Ne7 67. Bc4 Ke4
68. Ba6 Kd5 69. Bb7+ Kxe6 70. Bxf3 Ke5 71. Kd3 Nd5 72. Bd1 Nb6 73. Bb3 Nd7 74.
Bd1 Kd5 75. Bb3+ Kc5 76. Be6 Nb6 77. Bb3 Nd5 78. Bd1 Nb4+ 79. Ke4 Kc4 80. Kf4
Nd5+ 81. Kg5 Nc3 82. Bg4 d3 83. Kxh4 d2 84. Kg5 Kd3 85. Bf5+ Ne4+ 0-1

[Event "29th Czech Rapid G1 2018"]
[Site "Pardubice CZE"]
[Date "2018.07.18"]
[Round "1.67"]
[White "Soural, Jan"]
[Black "Ret, Adam Josef"]
[Result "1/2-1/2"]
[WhiteElo "2192"]
[BlackElo "1824"]
[WhiteFideId "311928"]
[BlackFideId "384240"]
[EventDate "2018.07.18"]

1. d4 Nf6 2. Nf3 d5 3. c4 c6 4. e3 e6 5. b3 Bb4+ 6. Bd2 Bxd2+ 7. Nbxd2 O-O 8.
Bd3 Nbd7 9. O-O b6 10. e4 dxe4 11. Nxe4 Qc7 12. Qc2 Nxe4 13. Bxe4 Nf6 14. c5
bxc5 15. dxc5 Bb7 16. b4 a5 17. a3 axb4 18. axb4 Rfd8 19. Rfd1 Rxd1+ 20. Rxd1
Rd8 21. Rxd8+ Qxd8 22. g3 Nxe4 23. Qxe4 Qd1+ 24. Kg2 Ba6 25. g4 Bb5 26. Qd4 Qf1+
27. Kg3 h6 28. h4 Be2 29. Qe4 Bxf3 30. Qxf3 Qb5 31. Qe4 g6 32. Qd4 Qb8+ 33. Qf4
Qb7 34. Qd4 Qb8+ 35. Qf4 Qb7 36. Qxh6 Qxb4 37. Qe3 Qb8+ 38. Qf4 Qxf4+ 39. Kxf4
f6 40. g5 Kf7 41. Ke4 Ke7 42. Kd4 e5+ 43. Ke4 Ke6 44. gxf6 Kxf6 45. f4 exf4 46.
Kxf4 Kf7 47. Kg4 Kf6 48. Kf4 Kf7 1/2-1/2

[Event "29th Czech Rapid G1 2018"]
[Site "Pardubice CZE"]
[Date "2018.07.18"]
[Round "1.69"]
[White "Semjonovs, Ilja"]
[Black "Zdechovsky, Tobias"]
[Result "1-0"]
[WhiteElo "2219"]
[BlackElo "1675"]
[WhiteFideId "11604263"]
[BlackFideId "23702036"]
[EventDate "2018.07.18"]

1. e4 c5 2. Nf3 d6 3. d4 cxd4 4. Nxd4 Nf6 5. Nc3 Nc6 6. g3 e5 7. Nde2 Be7 8. Bg2
O-O 9. O-O Be6 10. h3 Qd7 11. Kh2 Bc4 12. Be3 Rfd8 13. b3 Ba6 14. Qd2 Rac8 15.
Rfe1 b6 16. Rad1 Bb7 17. Bg5 Nb4 18. a3 Nxe4 19. Bxe4 Bxg5 20. Qxg5 Bxe4 21.
Nxe4 Qe6 22. axb4 f6 23. Nxf6+ Qxf6 24. Qxf6 gxf6 25. c4 1-0

[Event "29th Czech Rapid G1 2018"]
[Site "Pardubice CZE"]
[Date "2018.07.18"]
[Round "1.72"]
[White "Rakshitta, Ravi"]
[Black "Illetsko, Jaroslav"]
[Result "1-0"]
[WhiteElo "2026"]
[BlackElo "2177"]
[WhiteFideId "25073230"]
[BlackFideId "301795"]
[EventDate "2018.07.18"]

1. e4 g6 2. d4 Bg7 3. Nc3 c6 4. Nf3 d6 5. h3 Nd7 6. Be2 Qc7 7. Be3 Ngf6 8. Qd2
a6 9. O-O-O b5 10. e5 Nd5 11. Nxd5 cxd5 12. Bf4 dxe5 13. dxe5 e6 14. Qb4 Qc5 15.
Qxc5 Nxc5 16. Be3 Nd7 17. Bd4 O-O 18. Kb1 f6 19. exf6 Nxf6 20. Bd3 Bb7 21. Rhe1
Rae8 22. Ng5 Ne4 23. Bxg7 Kxg7 24. Bxe4 h6 25. Bxg6 Kxg6 26. Nf3 Kg7 27. Re5 Rf4
28. Rd4 Rxd4 29. Nxd4 Kf6 30. f4 b4 31. g4 a5 32. Kc1 a4 33. Kd2 Ba6 34. Nc6 Bf1
35. h4 b3 36. axb3 axb3 37. cxb3 Bh3 38. g5+ hxg5 39. hxg5+ Kf7 40. b4 Bf1 41.
Nd4 Rb8 42. Rxe6 Rxb4 43. g6+ Kf8 44. Nf5 Rxb2+ 45. Kc3 Rb7 46. g7+ Kf7 47. Re8 1-0

[Event "29th Czech Rapid G1 2018"]
[Site "Pardubice CZE"]
[Date "2018.07.18"]
[Round "1.73"]
[White "Buchcar, Tomas"]
[Black "Gukesh, D"]
[Result "1/2-1/2"]
[BlackTitle "IM"]
[WhiteElo "2133"]
[BlackElo "2433"]
[WhiteFideId "328421"]
[BlackFideId "46616543"]
[EventDate "2018.07.18"]

1. c4 e5 2. Nc3 Nc6 3. g3 d6 4. Bg2 Be6 5. d3 Qd7 6. a3 g6 7. b4 Bg7 8. Bb2 Nge7
9. Ne4 h6 10. e3 f5 11. Nd2 O-O 12. Ne2 g5 13. b5 Nd8 14. f4 Ng6 15. O-O Rb8 16.
Rb1 Bf7 17. Qc2 Ne6 18. Nb3 c6 19. a4 Rbc8 20. Rbd1 cxb5 21. axb5 Qxb5 22. fxg5
Nxg5 23. Rxf5 Qb6 24. Bc1 Be6 25. Rxf8+ Rxf8 26. Rf1 Nh3+ 27. Bxh3 Bxh3 28. Rf2
Qc6 29. e4 Qb6 30. c5 dxc5 31. Nxc5 Rc8 32. Be3 Qa5 33. Qc3 Qxc3 34. Nxc3 Bf8
35. N5a4 Bd7 36. Rb2 b6 37. Rb1 Ne7 38. Ra1 Bh3 39. Nd1 Nc6 40. Nf2 Be6 41. Nc3
Nb4 42. Ncd1 Nc2 43. Rxa7 Nxe3 44. Nxe3 Bc5 45. Nfd1 Rd8 46. Kf2 Rxd3 47. Ke2
Rd4 48. Nc3 Rb4 49. Ncd5 Rb2+ 50. Kd3 Rxh2 51. g4 Rh3 52. Kd2 Rh2+ 53. Kd3 Rf2
54. Ne7+ Kf7 55. N7f5+ Kf6 56. Rh7 Bc8 57. Nd5+ Ke6 58. Nc7+ Kf6 59. Nd5+ Ke6
60. Rxh6+ Kf7 61. Rf6+ Ke8 62. Ng7+ Kd8 63. Ne6+ Bxe6 64. Rxe6 Rg2 65. Nf6 Be7
66. Rxb6 Bxf6 67. Rxf6 Rxg4 68. Rf5 Rg6 69. Rxe5 Kd7 70. Ra5 Ke7 71. Ra7+ Ke8
72. Kd4 Rh6 73. Kd5 Rg6 74. e5 Rh6 75. Rg7 Ra6 76. Rh7 1/2-1/2

[Event "29th Czech Rapid G1 2018"]
[Site "Pardubice CZE"]
[Date "2018.07.18"]
[Round "1.74"]
[White "Vestfal, Jan"]
[Black "Harsha, Bharathakoti"]
[Result "0-1"]
[BlackTitle "IM"]
[WhiteElo "1407"]
[BlackElo "2465"]
[WhiteFideId "23717866"]
[BlackFideId "5078776"]
[EventDate "2018.07.18"]

1. d4 f5 2. Bf4 Nf6 3. e3 e6 4. Nf3 b6 5. c4 Bb7 6. Nc3 Bb4 7. Be2 Ne4 8. Rc1
O-O 9. O-O Bxc3 10. bxc3 d6 11. Bd3 Nd7 12. Bxe4 Bxe4 13. Ng5 Qe8 14. Nxe4 fxe4
15. Qc2 Qg6 16. f3 Nf6 17. Qe2 exf3 18. Rxf3 Ne4 19. h4 Rae8 20. Rh3 e5 21. h5
Qe6 22. dxe5 dxe5 23. h6 exf4 24. hxg7 Kxg7 25. Qh5 Qg6 26. Qd1 Rd8 27. Qa4 Rd2
28. Rh2 f3 29. Qxa7 f2+ 0-1

[Event "29th Czech Rapid G1 2018"]
[Site "Pardubice CZE"]
[Date "2018.07.18"]
[Round "2.1"]
[White "Burdalev, Kirill"]
[Black "Movsesian, Sergei"]
[Result "0-1"]
[WhiteTitle "FM"]
[BlackTitle "GM"]
[WhiteElo "2377"]
[BlackElo "2635"]
[WhiteFideId "14121913"]
[BlackFideId "310204"]
[EventDate "2018.07.18"]

1. d4 Nf6 2. Nf3 g6 3. Bg5 Bg7 4. Nbd2 O-O 5. c3 d6 6. e4 h6 7. Bh4 Nbd7 8. Be2
e5 9. dxe5 dxe5 10. O-O Qe8 11. Qc2 Nc5 12. b4 Ne6 13. Rfe1 Nf4 14. Bf1 Bg4 15.
Re3 Nd7 16. Nc4 Kh7 17. Nfd2 f6 18. f3 Be6 19. Bf2 h5 20. Ree1 Bh6 21. Ne3 Nb6
22. Ndc4 Nxc4 23. Bxc4 Nxg2 24. Kxg2 Bxe3 25. Bxe6 Bxf2 26. Qxf2 Qxe6 27. Rad1
a5 28. b5 Rad8 29. Rd2 Rd6 30. Red1 Rfd8 31. Rxd6 Rxd6 32. Rxd6 Qxd6 33. Qc2 Kg7
34. Kf1 b6 35. Kg2 Kf8 36. Kf1 Ke7 37. a4 Kd7 38. Kg2 Kc8 39. Kf1 Qe6 40. Kg2 f5
41. exf5 gxf5 42. Kf2 Kb7 43. c4 Qd7 44. Kg2 c6 45. Qe2 Qd4 46. Qc2 e4 47. bxc6+
Kxc6 48. Qb3 Qd2+ 49. Kh3 Qb4 50. Qc2 Qa3 0-1

[Event "29th Czech Rapid G1 2018"]
[Site "Pardubice CZE"]
[Date "2018.07.18"]
[Round "2.2"]
[White "Bernadskiy, Vitaliy"]
[Black "Webersberger, Johann"]
[Result "1-0"]
[WhiteTitle "GM"]
[BlackTitle "FM"]
[WhiteElo "2586"]
[BlackElo "2348"]
[WhiteFideId "14100371"]
[BlackFideId "1611100"]
[EventDate "2018.07.18"]

1. e4 g6 2. d4 Bg7 3. Nc3 d6 4. Be3 a6 5. a4 Nc6 6. d5 Ne5 7. f4 Ng4 8. Bd4 N8f6
9. h3 c5 10. dxc6 e5 11. fxe5 Nxe5 12. Bxe5 dxe5 13. Qxd8+ Kxd8 14. Nf3 bxc6 15.
Bc4 Kc7 16. O-O Nh5 17. Bxf7 Nf4 18. Bc4 Rb8 19. b3 h6 20. Kh2 g5 21. Ng1 Rd8
22. Rad1 Rxd1 23. Nxd1 Be6 24. Bxe6 Nxe6 25. Rf7+ Kd6 26. Ne3 Bf8 27. Nc4+ Kc5
28. Nf3 Rd8 29. Nfxe5 Rd1 30. c3 Nf4 31. b4# 1-0